Ville d'Afrique de A à Z - Statistiques

Statistiques générales
  • Ce quiz a été pris 47 fois
  • Le résultat moyen est 13 sur 26
Statistiques - réponses
Hint Lettre Réponse % Correct
Capitale marocaine R Rabat
98%
Capitale de la Guinée C Conakry
93%
Célèbre pour ses pyramides G Gizeh
86%
Plus grande ville africaine L Lagos
81%
Connue pour sa médina médiévale F Fès
79%
Point central du commerce triangulaire avec l'île de Gorée D Dakar
74%
Capitale du Zimbabwe H Harare
72%
La « ville rouge » M Marrakech
67%
J'ai donné son nom à la tanzanie Z Zanzibar
67%
Surnommée « Jo'burg » ou « la cité de l'or » J Johannesbourg
58%
Meilleure amie de Tokyo N Nairobi
56%
Siège de l'union africaine A Addis-Abeba
53%
Surnommée « la Radieuse » O Oran
53%
Capitale avec une architecture d'influence allemande W Windhoek
51%
Contient la plus grande basilique au monde Y Yamoussoukro
49%
Deuxième plus grande ville du Nigéria K Kano
47%
Capitale perdue dans l'océan Indien P Port-Louis
47%
Ancienne capitale Française B Brazzaville
42%
Ville des 333 saints T Tombouctou
30%
L'une des plus petites capitales au monde, très colorée V Victoria
28%
Ancienne capitale sénégalaise S Saint-Louis
19%
Ville côtière du Mozambique célèbre pour ses plages immenses X Xai-Xai
7%
Chef-lieu du Sud-Kivu en RDC depuis l'arrivée de la milice M23 à Bukavu U Uvira
5%
La ville des champions Kenyan de course à pied en haute altitude E Eldoret
2%
Surnommée « la ville des jardins », située sur le canal de Suez I Ismaïlia
2%
Connu sous le nom de la ville des fleurs Q Quatre Bornes
2%
Aucun quiz correspondant
Distribution des résultats
% des personnes avec chaque résultat
Percentile par nombre de réponses
Votre historique - résultats
Vous n’avez pas pris ce quiz